| 000 | 02013cam a22005054i 4500 | ||
|---|---|---|---|
| 003 | PE-LiUPU | ||
| 005 | 20250731165502.0 | ||
| 008 | 150623s r 000 0 d | ||
| 020 | _a1850759146 | ||
| 035 | _a(Sirsi) i9781850759140 | ||
| 040 |
_aPE-LiUPU _bspa _cPE-LiUPU _erda |
||
| 049 | _aPRUA | ||
| 082 | 0 | 4 |
_a225.077 _bJ _221 |
| 100 | 1 |
_aDodd, Brian, _eautor. |
|
| 245 | 1 | 0 |
_aPaul's paradigmatic 'I' : _bpersonal example as literary strategy. _n177. |
| 264 | 1 |
_aSheffield, Inglaterra : _bSheffield Academic Press, _c1999. |
|
| 300 |
_a282 páginas ; _c24 centímetros |
||
| 336 |
_atext _2rdacontent |
||
| 337 |
_aunmediated _2rdamedia |
||
| 338 |
_avolume _2rdacarrier |
||
| 490 | 0 |
_aJournal for the Study of the New Testament. Supplement Series ; _v177 |
|
| 504 | _aIncluye bibliografía. | ||
| 505 | 0 | _a1 Corinthians 1-4: that you may learn from our example. -paul, spiritual parent and paradigm in Christ: 1 Corinthians 4.14-15.58. -Galatians: personal example, contrastive models. -Philippians: polemical an paradigmatic. -Implicit uses of personal example: Philemon and 1 Thessalonians 2.1-12. | |
| 526 | _aSEG44 | ||
| 526 | _aSEG26 | ||
| 526 | _aP151 | ||
| 526 | _aP150 | ||
| 526 | _aP149 | ||
| 526 | _aP146 | ||
| 526 | _aP145 | ||
| 526 | _aP126 | ||
| 526 | _aP125 | ||
| 526 | _aP92 | ||
| 526 | _aP75 | ||
| 526 | _aP74 | ||
| 526 | _aP27 | ||
| 526 | _aP15 | ||
| 600 | 1 |
_aPablo de Tarso. _d2 a. C. - c. 66 d. C. |
|
| 942 |
_2ddc _cBOOK |
||
| 949 |
_aRC 225.077 J 177 _wDEWEY _c1 _i46440 _lCCODEBUL1 _mBUL _r0 _sY _tBOOK _u2015-6-24 _xTEOLOGIA _PP35 _0COMPRA _o.CIRCNOTE. No olvidar cambiar la fecha de devolución!!!!!!! _o.STAFF. Colección General |
||
| 994 |
_aC0 _bPEPRU |
||
| 596 | _a1 | ||
| 999 |
_aRC 225.077 J 177 _wDEWEY _c23206 _i46440 _f2021-11-8 _g7 _lCCODEBUL1 _mBUL _r1 _sY _tBOOK _u2015-6-24 _xTEOLOGIA _PP35 _0COMPRA _o.CIRCNOTE. No olvidar cambiar la fecha de devolución!!!!!!! _o.STAFF. Colección General _d23206 |
||
| 980 |
_81 _gALBERTO SANCHEZ Responsable de Automatización |
||